000 00897nam a22001937a 4500
003 BR-ViAPE
005 20260603115454.0
008 260603s1908 por gslllls000 0 por d
040 _cBR-ViAPE
110 _aEspírito Santo
_bEstado
245 _aResolução nº 88:
_binstruções e formulário para as eleições estaduais de 2 de fevereiro de 1908
260 _aVitória
_bPapelaria e typographia Nelson Costa
_c1907
300 _a32 p.
_bDocumento digitalizado (PDF)
500 _aDocumento digitalizado do acervo institucional do Arquivo Público do Estado do Espírito Santo - APEES.
650 _aLegislação
_xRegulamento
_zEspírito Santo (Estado)
651 _aEspírito Santo (Brasil)
856 _uhttps://ape.es.gov.br/Media/ape/PDF/Livros/Livros_Historicos/Obras_raras/1900_a_1910/APEES_OR_resolucao_n_88_1907.pdf
_yCLIQUE AQUI PARA ACESSAR O DOCUMENTO
942 _2ddc
_cOBRAS_RARA
_n1
999 _c769
_d769